01071 a2200181 45000010006000000050017000060080041000230030015000640400040000790800105001192450098002240200022003222640042003443000019003865050454004050410008008591000022008676292220260407155923.0260407a2001 arg spa dAR-UNSa-BCEJYS aAR-UNSa-BCEJYSbspacAR-UNSa-BCEJYS a304.4xAspectos generales de las políticas y prácticas sociales y culturales (política social)10aGestión pública y desarrollo social en los noventapLas trayectorias de Argentina y Chile a978-950-9217-20-1 1aBuenos Aires :bPrometeo Librosc2001 a334 p.c20 cm. a 1. Hacia un enfoque político-institucional para el análisis de la gestión pública - 2. Dinámica política y cambios socioeconómicos en Argentina – 3. Reformas estructurales y políticas públicas: similitudes y diferencias entre Argentina y Chile – 4. Argentina en los noventa: límites y problemas para enfrentar la pobreza – 5. Chile en los noventa: el difícil avance hacia una apropiada política frente a la pobreza -  aspa1 aRepetto, Fabián